La granja

Guardat en:
Dades bibliogràfiques
Autor principal: Grisham, John (Autor)
Format: Llibre
Idioma:espanyol
Publicat: Barcelona B 2001
Col·lecció:Colección La Trama
Matèries:
Etiquetes: Afegir etiqueta
Sense etiquetes, Sigues el primer a etiquetar aquest registre!

MARC

LEADER 00000nam a2200000 a 4500
001 UCN4969
003 CL-VaPUC
008 010817e20010300SP |||||||||||||||||spa|d
082 0 4 |a 813  |b GRI  |2 21 
100 |a Grisham, John  |e author  |9 600669 
245 1 3 |a La granja 
300 |a 461 p 
942 |c BK 
945 |d 20010817 00:00:00  |a cmena 
260 |a Barcelona  |b B  |c 2001 
650 0 |a Novelas estadounidenses  |9 265217 
650 0 |a Literatura estadounidense  |9 317168 
650 7 |a THRILLER  |2 CL-VaPUC  |9 461102 
583 |a last modification  |c 20010817 00:00:00  |k Rodrigo Vera 
490 0 |a Colección La Trama 
999 |c 296805  |d 296803 
952 |0 0  |1 0  |4 0  |6 813_000000000000000_GRI_2001  |7 0  |8 A  |9 350987  |a BIBING  |b BIBING  |d 2019-11-20  |i 3748111  |o 813 GRI 2001  |p 3748111  |r 2025-01-20  |w 2019-11-20  |y BK  |k CUI